000 005840000a22001930004500
003 LK-CoMWRAF
005 20231224121946.0
008 230817t2004 ||||| |||| 00| 0 eng d
020 _a9558494011
040 _aLK-CoMWRAF
_dLK-CoMWRAF
_eLK-CoMWRAF
041 _aeng
082 _a305.42
_bWIJ
100 _aWijayatilake, Kamalini
245 _aStudy on Sexual and Gender Based Violence in Selected Locations in Sri Lanka
260 _aColombo:
_bUnited Nations High Commissioner for Refugees,
_c2004
300 _a84 p.
650 _aGENDER BASED VIOLENCE-Sri Lanka
942 _cBK
999 _c1842
_d1842